<?xml version="1.0" encoding="UTF-8"?>
<record
    xmlns:xsi="http://www.w3.org/2001/XMLSchema-instance"
    xsi:schemaLocation="http://www.loc.gov/MARC21/slim http://www.loc.gov/standards/marcxml/schema/MARC21slim.xsd"
    xmlns="http://www.loc.gov/MARC21/slim">

  <leader>01392    a2200193   4500</leader>
  <controlfield tag="001">130673</controlfield>
  <datafield tag="020" ind1=" " ind2=" ">
    <subfield code="a">85-224-2352-0</subfield>
  </datafield>
  <datafield tag="040" ind1=" " ind2=" ">
    <subfield code="c">Leonardo Da Vinci</subfield>
  </datafield>
  <datafield tag="041" ind1=" " ind2=" ">
    <subfield code="a">Portugu&#xEA;s</subfield>
  </datafield>
  <datafield tag="082" ind1=" " ind2=" ">
    <subfield code="a">658.001 M419t</subfield>
    <subfield code="b">M419t</subfield>
  </datafield>
  <datafield tag="100" ind1=" " ind2=" ">
    <subfield code="a">MAXIMIANO, Antonio Cesar Amaru</subfield>
  </datafield>
  <datafield tag="245" ind1=" " ind2=" ">
    <subfield code="a">Teoria geral da administra&#xE7;&#xE3;o</subfield>
    <subfield code="b">da escola cient&#xED;fica &#xE0; competitividade na economia globalizada</subfield>
  </datafield>
  <datafield tag="250" ind1=" " ind2=" ">
    <subfield code="a">2.ed</subfield>
  </datafield>
  <datafield tag="260" ind1=" " ind2=" ">
    <subfield code="b">Atlas</subfield>
    <subfield code="c">2000</subfield>
    <subfield code="a">S&#xE3;o Paulo</subfield>
  </datafield>
  <datafield tag="300" ind1=" " ind2=" ">
    <subfield code="a">530</subfield>
  </datafield>
  <datafield tag="362" ind1=" " ind2=" ">
    <subfield code="a">20000000</subfield>
  </datafield>
  <datafield tag="697" ind1=" " ind2=" ">
    <subfield code="a">Administra&#xE7;&#xE3;o</subfield>
    <subfield code="a">Teoria</subfield>
    <subfield code="a">Conceito</subfield>
    <subfield code="a">Import&#xE2;ncia</subfield>
    <subfield code="a">Objetivo</subfield>
    <subfield code="a">Henri Fayol</subfield>
    <subfield code="a">Processo administrativo</subfield>
    <subfield code="a">POSDCORB</subfield>
    <subfield code="a">Chester Barnard</subfield>
    <subfield code="a">Herbert Simon</subfield>
    <subfield code="a">Henry Mintzberg</subfield>
    <subfield code="a">Rosemary Stewart</subfield>
    <subfield code="a">Fred Luthans</subfield>
    <subfield code="a">Andrew Grove</subfield>
    <subfield code="a">Organiza&#xE7;&#xE3;o</subfield>
    <subfield code="a">Max Weber</subfield>
    <subfield code="a">Burocracia</subfield>
    <subfield code="a">Etzioni</subfield>
    <subfield code="a">Poder</subfield>
    <subfield code="a">Blau</subfield>
    <subfield code="a">Scott</subfield>
    <subfield code="a">Disfun&#xE7;&#xE3;o</subfield>
    <subfield code="a">Perrow</subfield>
    <subfield code="a">Roth</subfield>
    <subfield code="a">Merton</subfield>
    <subfield code="a">Mintzberg</subfield>
    <subfield code="a">Handy</subfield>
    <subfield code="a">Morgan</subfield>
    <subfield code="a">Cyert</subfield>
    <subfield code="a">March</subfield>
    <subfield code="a">Revolu&#xE7;&#xE3;o urbana</subfield>
    <subfield code="a">Revolu&#xE7;&#xE3;o industrial</subfield>
    <subfield code="a">Escola cl&#xE1;ssica</subfield>
    <subfield code="a">Administra&#xE7;&#xE3;o cient&#xED;fica</subfield>
    <subfield code="a">Taylor</subfield>
    <subfield code="a">Henry Gantt</subfield>
    <subfield code="a">Sistema Toyota</subfield>
    <subfield code="a">General Motors</subfield>
    <subfield code="a">Alfred Sloan</subfield>
    <subfield code="a">Qualidade</subfield>
    <subfield code="a">Pr&#xEA;mio Deming</subfield>
    <subfield code="a">Pr&#xEA;mio Baldrige</subfield>
    <subfield code="a">Pr&#xEA;mio Europeu</subfield>
    <subfield code="a">Enfoque comportamental</subfield>
    <subfield code="a">Conduta</subfield>
    <subfield code="a">Percep&#xE7;&#xE3;o</subfield>
    <subfield code="a">Motiva&#xE7;&#xE3;o</subfield>
    <subfield code="a">Behaviorismo</subfield>
    <subfield code="a">Equidade</subfield>
    <subfield code="a">Hierarquia</subfield>
    <subfield code="a">Maslow</subfield>
    <subfield code="a">McClelland</subfield>
    <subfield code="a">Lideran&#xE7;a</subfield>
    <subfield code="a">Estilos</subfield>
    <subfield code="a">Pensamento sist&#xEA;mico</subfield>
    <subfield code="a">Estrat&#xE9;gia</subfield>
    <subfield code="a">&#xC9;tica</subfield>
    <subfield code="a">Responsabilidade social</subfield>
    <subfield code="a">Administra&#xE7;&#xE3;o participativa</subfield>
    <subfield code="a">Benchmarking</subfield>
    <subfield code="a">Realidade virtual</subfield>
    <subfield code="a">Intelig&#xEA;ncia emocional</subfield>
    <subfield code="a">Teste do Marshmallow</subfield>
    <subfield code="a">FIPEN</subfield>
  </datafield>
  <datafield tag="942" ind1=" " ind2=" ">
    <subfield code="c">BK</subfield>
  </datafield>
  <datafield tag="952" ind1=" " ind2=" ">
    <subfield code="0">0</subfield>
    <subfield code="1">0</subfield>
    <subfield code="4">0</subfield>
    <subfield code="7">0</subfield>
    <subfield code="a">71.1</subfield>
    <subfield code="b">71.1</subfield>
    <subfield code="d">2024-03-27</subfield>
    <subfield code="l">0</subfield>
    <subfield code="o">658.001 M419t</subfield>
    <subfield code="p">O000703</subfield>
    <subfield code="r">2024-03-27 22:30:00</subfield>
    <subfield code="w">2024-03-27</subfield>
    <subfield code="y">BK</subfield>
  </datafield>
  <datafield tag="952" ind1=" " ind2=" ">
    <subfield code="0">0</subfield>
    <subfield code="1">0</subfield>
    <subfield code="4">0</subfield>
    <subfield code="7">0</subfield>
    <subfield code="a">71.1</subfield>
    <subfield code="b">71.1</subfield>
    <subfield code="d">2024-03-27</subfield>
    <subfield code="l">0</subfield>
    <subfield code="o">658.001 M419t</subfield>
    <subfield code="p">O000704</subfield>
    <subfield code="r">2024-03-27 22:30:00</subfield>
    <subfield code="w">2024-03-27</subfield>
    <subfield code="y">BK</subfield>
  </datafield>
  <datafield tag="952" ind1=" " ind2=" ">
    <subfield code="0">0</subfield>
    <subfield code="1">0</subfield>
    <subfield code="4">0</subfield>
    <subfield code="7">0</subfield>
    <subfield code="a">71.1</subfield>
    <subfield code="b">71.1</subfield>
    <subfield code="d">2024-03-27</subfield>
    <subfield code="l">0</subfield>
    <subfield code="o">658.001 M419t</subfield>
    <subfield code="p">O000705</subfield>
    <subfield code="r">2024-03-27 22:30:00</subfield>
    <subfield code="w">2024-03-27</subfield>
    <subfield code="y">BK</subfield>
  </datafield>
  <datafield tag="952" ind1=" " ind2=" ">
    <subfield code="0">0</subfield>
    <subfield code="1">0</subfield>
    <subfield code="4">0</subfield>
    <subfield code="7">0</subfield>
    <subfield code="a">71.1</subfield>
    <subfield code="b">71.1</subfield>
    <subfield code="d">2024-03-27</subfield>
    <subfield code="l">0</subfield>
    <subfield code="o">658.001 M419t</subfield>
    <subfield code="p">O000706</subfield>
    <subfield code="r">2024-03-27 22:30:00</subfield>
    <subfield code="w">2024-03-27</subfield>
    <subfield code="y">BK</subfield>
  </datafield>
  <datafield tag="952" ind1=" " ind2=" ">
    <subfield code="0">0</subfield>
    <subfield code="1">0</subfield>
    <subfield code="4">0</subfield>
    <subfield code="7">0</subfield>
    <subfield code="a">71.1</subfield>
    <subfield code="b">71.1</subfield>
    <subfield code="d">2024-03-27</subfield>
    <subfield code="l">0</subfield>
    <subfield code="o">658.001 M419t</subfield>
    <subfield code="p">O000707</subfield>
    <subfield code="r">2024-03-27 22:30:00</subfield>
    <subfield code="w">2024-03-27</subfield>
    <subfield code="y">BK</subfield>
  </datafield>
  <datafield tag="952" ind1=" " ind2=" ">
    <subfield code="0">0</subfield>
    <subfield code="1">0</subfield>
    <subfield code="4">0</subfield>
    <subfield code="7">0</subfield>
    <subfield code="a">71.1</subfield>
    <subfield code="b">71.1</subfield>
    <subfield code="d">2024-03-27</subfield>
    <subfield code="l">0</subfield>
    <subfield code="o">658.001 M419t</subfield>
    <subfield code="p">O000708</subfield>
    <subfield code="r">2024-03-27 22:30:00</subfield>
    <subfield code="w">2024-03-27</subfield>
    <subfield code="y">BK</subfield>
  </datafield>
  <datafield tag="952" ind1=" " ind2=" ">
    <subfield code="0">0</subfield>
    <subfield code="1">0</subfield>
    <subfield code="4">0</subfield>
    <subfield code="7">0</subfield>
    <subfield code="a">71.1</subfield>
    <subfield code="b">71.1</subfield>
    <subfield code="d">2024-03-27</subfield>
    <subfield code="l">0</subfield>
    <subfield code="o">658.001 M419t</subfield>
    <subfield code="p">O000709</subfield>
    <subfield code="r">2024-03-27 22:30:00</subfield>
    <subfield code="w">2024-03-27</subfield>
    <subfield code="y">BK</subfield>
  </datafield>
  <datafield tag="952" ind1=" " ind2=" ">
    <subfield code="0">0</subfield>
    <subfield code="1">0</subfield>
    <subfield code="4">0</subfield>
    <subfield code="7">0</subfield>
    <subfield code="a">71.1</subfield>
    <subfield code="b">71.1</subfield>
    <subfield code="d">2024-03-27</subfield>
    <subfield code="l">0</subfield>
    <subfield code="o">658.001 M419t</subfield>
    <subfield code="p">O000710</subfield>
    <subfield code="r">2024-03-27 22:30:01</subfield>
    <subfield code="w">2024-03-27</subfield>
    <subfield code="y">BK</subfield>
  </datafield>
  <datafield tag="952" ind1=" " ind2=" ">
    <subfield code="0">0</subfield>
    <subfield code="1">0</subfield>
    <subfield code="4">0</subfield>
    <subfield code="7">0</subfield>
    <subfield code="a">71.1</subfield>
    <subfield code="b">71.1</subfield>
    <subfield code="d">2024-03-27</subfield>
    <subfield code="l">0</subfield>
    <subfield code="o">658.001 M419t</subfield>
    <subfield code="p">O000711</subfield>
    <subfield code="r">2024-03-27 22:30:01</subfield>
    <subfield code="w">2024-03-27</subfield>
    <subfield code="y">BK</subfield>
  </datafield>
  <datafield tag="952" ind1=" " ind2=" ">
    <subfield code="0">0</subfield>
    <subfield code="1">0</subfield>
    <subfield code="4">0</subfield>
    <subfield code="7">0</subfield>
    <subfield code="a">71.1</subfield>
    <subfield code="b">71.1</subfield>
    <subfield code="d">2024-03-27</subfield>
    <subfield code="l">0</subfield>
    <subfield code="o">658.001 M419t</subfield>
    <subfield code="p">O000712</subfield>
    <subfield code="r">2024-03-27 22:30:01</subfield>
    <subfield code="w">2024-03-27</subfield>
    <subfield code="y">BK</subfield>
  </datafield>
  <datafield tag="999" ind1=" " ind2=" ">
    <subfield code="c">130673</subfield>
    <subfield code="d">130673</subfield>
  </datafield>
</record>
